Platenie preddavkov na daň z príjmov fyzických osôb v roku 2007

Bibliographic Details
Main Author: Strählová, Jarmila (Author)
Format: Article
Language:Slovak
ISSN:1335-0897
Subjects:

MARC

LEADER 00000nab a2200000 ar4500
001 vtls008997874
003 SK-MaSNL
005 20260303065823.0
008 070611c2007 xo mr|p|||||||000 b|slo
015 |a SNBRB2007/06  |2 snkbucl 
038 |a SNKBUCL 
040 |a SNKBUCL  |b slo  |c SNKBUCL  |e AACR2 
041 |a slo 
044 |a xo  |c SK 
080 |a 336.215.024.1.029.5  |2 1997 
100 1 |a Strählová, Jarmila  |4 aut  |9 9509 
245 1 0 |a Platenie preddavkov na daň z príjmov fyzických osôb v roku 2007  |c Jarmila Strählová 
648 7 |a 2007  |2 snkbucl  |9 313226 
650 0 7 |a fyzické osoby  |2 snkbucl  |9 4302 
650 0 7 |a dane z príjmov  |2 snkbucl  |9 2125 
650 0 7 |a preddavky  |2 snkbucl  |9 838606 
773 0 |t Daňový a účtovný poradca podnikateľa  |g Č. 6-7 (2007), s. 6-34  |x 1335-0897 
852 |a SNK  |b KIS3GCP 
999 |c 1752853  |d 1754783